00879nac a22002291u 4500010001700000020001500017082001800032090001500050100003400065245013300099250001200232260008300244300004500327511002600372650002400398650002300422650004000445700002300485942002000508999001500528952010600543 a 2005276766 a184480192600a658.4012bWIT c8907d8907 aWit, Bob de. 10aStrategy synthesis :bresolving strategy paradoxes to create competitive advantage : text and readings /cBob de Wit, Ron Meyer. a2nd ed. aLondon :bThomson Learning ;aMason, Ohio :bThomson/South-Western,2005c2005. axx, 469 p. :bill. (some col.) ;c25 cm. acatalogued by: wessam 0aStrategic planning. 0aBusiness planning. 0aInternational business enterprises.1 aMeyer, Ron,d1962- cBBk658.4012WIT c8907d8907 00104070aMAINbMAINc1STd2008-03-30ePurchasel0o658.4012WITp000010412r2025-07-15 00:00:00yBB